000 00568nam a22001937a 4500
005 20260218061130.0
008 260218b |||||||| |||| 00| 0 eng d
020 _a978-81-8484-289-0
037 _cTextual
040 _aDSWL
_cDSWL
041 _aeng
084 _aT20aY1
_qDSWL
100 _aAnand, Meenu
_91116113
245 _aGender and School Education
_bChallenges and Strategies
260 _aNew Delhi
_bRegal Publications
_c2014
300 _a316p.
942 _2CC
_cTEXL
_hT20aY1
_kT20aY1
_mQ4; 1
_n0
999 _c1679910
_d1679910